000 02956nam a2200505 4500
003 OSt
005 20260513113859.0
008 260513b |||||||| |||| 00| 0 aze d
020 _a9789952514827
040 _aAZ-XaKU
_baze
_cAZ-XaKU
041 0 _aaze
050 1 4 _aS592.16 .G9418 2018
100 1 _aMəmmədov, Q.Ş.,
_emüəllif.
245 1 _aCoğrafi informasiya sistemləri əsasında interaktiv elektron torpaq və torpaqların ekoloji qiymət xəritələrinin tərtibinə dair metodiki göstəriş
_c/ Q.Ş.Məmmədov, A.T.Alıyev, L.C.Qasımov, N.S.İsmayılov, C.S.Abdullayev, S.Z.Məmmədova, R.M.Heydərova, A.C.Həşimov, M.Q.Mustafayev, A.S.Ağbabalı, A.B.Cəfərov, Z.R.Məmmədov, C.Ə.Şabanov, V.A.Babayev, Q.Ş.Yaqubov, S.X.Şükürov ; rəyçilər R.M.Məmmədov, C.İ.İsmayılov, Hee-Myog Ro
264 _aBakı:
_b"Elm",
_c2018.
300 _a80 səhifə;
_bşəkil, cədvəl,
_c20.5 sm.
336 _atext
_btxt
_2rdacontent
337 _aunmediated
_bn
_2rdamedia
338 _avolume
_bnc
_2rdacarrier
500 _aAMEA Torpaqşünaslıq və Aqrokimya İnstitutunun Elmi Şurasının 16.11.2018-ci il tarixli 16 saylı iclasının qərarı ilə nəşr olunması tövsiyə edilmişdir. BDU Ekologiya və torpaqşünaslıq fakültəsinin Elmi Şurasının 17.10.2018-ci il tarixli 01 saylı iclasının qərarı ilə nəşr olunması tövsiyə edilmişdir. Metodik göstəriş akademik Qərib Məmmədovun rəhbərliyi ilə hazırlanmışdır.
504 _a-Ədəbiyyat siyahısı: s. 77-79
505 0 _aGiriş -- I fəsil. Coğrafi informasiya sistemləri və xəritə haqqında qısa məlumat -- II fəsil. Aero və kosmik materiallar əsasında elektron torpaq xəritələrinin tərtibinin əsas xüsusiyyətləri -- III fəsil. Coğrafi informasiya sistemlərində torpaq xəritələrinin tərtibinin əsas xüsusiyyətləri -- IV fəsil. Torpaqların interaktiv elektron ekoloji qiymət xəritələrinin məlumat bazasının yaradılması və idarə olunması.
650 7 _aTorpaqşünaslıq
_2AZ-XaKU
655 _2Az-XaKU
_aMetodiki göstəriş
700 1 _aAlıyev, A.T.,
_emüəllif.
700 1 _aQasımov, L.C.,
_emüəllif.
700 1 _aİsmayılov, N.S.,
_emüəllif.
700 1 _aAbdullayev, C.S.,
_emüəllif.
700 1 _aMəmmədova, S.Z.,
_emüəllif.
700 1 _aHeydərova, R.M.,
_emüəllif.
700 1 _aHəşimov, A.C.,
_emüəllif.
700 1 _aMustafayev, M.Q.,
_emüəllif.
700 1 _aAğbabalı, A.S.,
_emüəllif.
700 1 _aCəfərov, A.B.,
_emüəllif.
700 1 _aMəmmədov, Z.R.,
_emüəllif.
700 1 _aŞabanov, C.Ə.,
_emüəllif.
700 1 _aBabayev, V.A.,
_emüəllif.
700 1 _aYaqubov, Q.Ş.,
_emüəllif.
700 1 _aŞükürov, S.X.,
_emüəllif.
700 1 _aMəmmədov, R.M.,
_erəyçi.
700 1 _aİsmayılov, C.İ.,
_erəyçi.
700 1 _aRo, Hee-Myog,
_erəyçi.
942 _cBOOK
999 _c438
_d438